Harry Potter 100 mots les plus cités par chapitre- 1.3 - Statistiques

Statistiques générales
  • Ce quiz a été pris 58 fois
  • Le résultat moyen est 39 sur 100
Statistiques - réponses
nombre d'apparitions mot % Correct
67 harry
91%
43 s
91%
7 t
85%
101 à
83%
10 a
83%
52 d
83%
122 il
83%
108 l
83%
16 c
79%
12 je
79%
26 n
77%
95 le
75%
13 elle
72%
20 est
72%
173 la
72%
7
72%
14
70%
187 de
66%
91 et
66%
34 se
66%
7 tu
66%
19 du
62%
21 ils
62%
16 nous
62%
24 ce
60%
62 les
60%
14 on
60%
40 qu
60%
27 sa
60%
30 des
57%
38 que
57%
15 mais
53%
37 son
53%
77 un
53%
61 en
51%
27 ne
51%
50 qui
51%
10 ses
51%
26 pour
49%
55 une
49%
25 sur
47%
60 dans
45%
10 par
45%
23 au
43%
19 y
43%
34 pas
42%
9 si
42%
17 avec
38%
53 dudley
34%
8 va
34%
18 lettre
32%
7 moi
32%
13 tout
32%
58 vernon
32%
40 avait
30%
14 avoir
30%
10 maison
30%
21 pétunia
30%
21 plus
30%
8 sans
30%
11 cette
26%
13 faire
26%
10 leur
26%
58 oncle
26%
22 dit
25%
34 était
25%
22 lui
25%
22 tante
25%
8 comme
23%
11 jour
21%
10 avaient
19%
7 été
19%
18 lettres
19%
10 chambre
17%
7 jamais
17%
7 4
15%
11 même
15%
10 placard
15%
7 puis
15%
7 2
13%
7 courrier
13%
8 étaient
13%
10 porte
13%
10 veux
13%
11 chose
8%
9 enveloppe
8%
8 coup
6%
11 cuisine
6%
7 tête
6%
7 dehors
4%
7 demanda
4%
7 air
2%
7 faisait
2%
9 quelque
2%
7 quelques
2%
7 télévision
2%
7 aurait
0%
8 canne
0%
7 minutes
0%
9 passion
0%
Aucun quiz correspondant
Distribution des résultats
% des personnes avec chaque résultat
Percentile par nombre de réponses
Votre historique - résultats
Vous n’avez pas pris ce quiz